[Event "4NCL Division 4 South"]
[Site "Reading, ENG"]
[Date "2017.03.18"]
[Round "7.205"]
[White "Watson, Mikey J"]
[Black "Woolgar, Steven G"]
[Result "0-1"]
[WhiteElo "1724"]
[BlackElo "1780"]
[PlyCount "54"]
[EventDate "2017.03.18"]
[WhiteTeam "Kent Kestrels"]
[BlackTeam "Throw in the Tal 2"]

1. d4 Nf6 2. e3 d5 3. Nf3 Nc6 4. b3 Bg4 5. Bb2 e6 6. a3 Bd6 7. Be2 O-O 8. Nbd2
Re8 9. h3 Bxf3 10. Nxf3 e5 11. dxe5 Nxe5 12. Nd4 Qd7 13. Qd2 a6 14. O-O-O Ne4
15. Qe1 c5 16. f4 cxd4 17. fxe5 Bxe5 18. exd4 Bf4+ 19. Kb1 Ng3 20. Qf2 Nxe2 21.
Rd3 Re6 22. Rf3 Qc7 23. Rf1 f6 24. Qh4 Bg5 25. Qg4 Re4 26. Qf5 Rd8 27. h4 g6
0-1

[Event "4NCL Division 4 South"]
[Site "Reading, ENG"]
[Date "2017.03.18"]
[Round "7.208"]
[White "Jones, Howard"]
[Black "Nayak, Aurideep"]
[Result "0-1"]
[WhiteElo "1675"]
[BlackElo "1590"]
[PlyCount "126"]
[EventDate "2017.03.18"]
[WhiteTeam "Throw in the Tal 2"]
[BlackTeam "Kent Kestrels"]

1. Nf3 f5 2. g3 Nf6 3. Bg2 e6 4. d3 Be7 5. O-O O-O 6. Nbd2 d6 7. b3 Nbd7 8. Bb2
Rb8 9. c4 Qe8 10. a3 e5 11. b4 Qh5 12. Re1 e4 13. Nd4 e3 14. fxe3 Ng4 15. N2f3
Nxe3 16. Qd2 Nxg2 17. Kxg2 Ne5 18. Nxe5 dxe5 19. Nf3 e4 20. Ne5 Bg5 21. Qc3 Qh6
22. h3 f4 23. g4 f3+ 24. exf3 Bd2 25. Qd4 Bxe1 26. Rxe1 Qd2+ 27. Qf2 exf3+ 28.
Kg1 Qxf2+ 29. Kxf2 b6 30. Re3 Ra8 31. Nxf3 Bb7 32. Kg3 Bxf3 33. Rxf3 Rxf3+ 34.
Kxf3 Rf8+ 35. Kg2 Re8 36. Kf2 Re6 37. Bc3 g6 38. d4 c6 39. Bd2 h5 40. g5 Kf7
41. Kf3 Ke7 42. Bc3 Kd7 43. Bd2 Kc8 44. Be3 Kb7 45. Bd2 Re8 46. Be3 Kc8 47. Bd2
Rf8+ 48. Bf4 Kd7 49. Ke4 a6 50. Ke3 Rf5 51. Ke4 a5 52. d5 axb4 53. axb4 Rf8 54.
dxc6+ Kxc6 55. b5+ Kc5 56. Be3+ Kxc4 57. Bxb6 Kxb5 58. Be3 Kc4 59. h4 Kc3 60.
Bd4+ Kd2 61. Be3+ Ke2 62. Bd4 Kf1 63. Bc5 Rf7 0-1